UBT Library

Sociology : (Record no. 739)

000 -LEADER
fixed length control field 00514nam a22001937a 4500
005 - DATE AND TIME OF LATEST TRANSACTION
control field 20150512051003.0
008 - FIXED-LENGTH DATA ELEMENTS--GENERAL INFORMATION
fixed length control field 110604s2011 nyuab b 001 0 eng
020 ## - INTERNATIONAL STANDARD BOOK NUMBER
International Standard Book Number 9780073528267
041 0# - LANGUAGE CODE
Language code of text/sound track or separate title eng
080 ## - UNIVERSAL DECIMAL CLASSIFICATION NUMBER
Universal Decimal Classification number 316
100 1# - Rafti
Rafti Schaefer, Richard T.
245 10 - TITLE STATEMENT
Title Sociology :
Statement of responsibility, etc Richard T. Schaefer.
250 ## -
-- 9th ed.
260 ## -
-- New York :
-- McGraw-Hill,
-- 2011.
300 ## -
-- 495 f. :
-- me il.;
-- 28 cm.
505 0# -
-- Index: f. 475-495
650 #0 -
-- Sociologjia
942 ## - ADDED ENTRY ELEMENTS (KOHA)
Source of classification or shelving scheme
Item type Books
Holdings
Withdrawn status Lost status Source of classification or shelving scheme Damaged status Not for loan Collection code Permanent location Current location Shelving location Date acquired Total Checkouts Full call number Date last seen Price effective from Koha item type Barcode
          Koleksioni i përgjithshem UBT - Lipjan UBT - Lipjan Koleksioni i përgjithshem 05/12/2015   316 SCH 05/12/2015 05/12/2015 Books  
          Koleksioni i përgjithshem UBT - Lipjan UBT - Lipjan Koleksioni i përgjithshem 10/10/2017   316 SCH 10/10/2017 10/10/2017 Books 002-2930089
          Koleksioni i përgjithshem UBT - Lipjan UBT - Lipjan Koleksioni i përgjithshem 10/10/2017   316 SCH 10/10/2017 10/10/2017 Books 002-2930084
UBT Library © 2015-2024. All rights reserved University Education for Business and Technology